Municipalities of Miaoli County - Statistics

General Stats
  • This quiz has been taken 43 times
  • The average score is 14 of 18
Answers on the Map
Answers color-coded by a green-red scale on the quiz's map according to % correct below.
 
Answer Stats
Answer % Correct
Toufen 頭份
93%
Chunan 竹南
86%
Houlong 後龍
86%
Miaoli 苗栗
86%
Zhuolan 卓蘭
86%
Nanzhuang 南庄
79%
Sanyi 三義
79%
Shitan 獅潭
79%
Tongluo 銅鑼
79%
Yuanli 苑裡
79%
Dahu 大湖
71%
Gongguan 公館
71%
Sanwan 三灣
71%
Tai'an 泰安
71%
Tongxiao 通霄
71%
Xihu 西湖
71%
Zaoqiao 造橋
71%
Touwu 頭屋
64%
No matching quizzes found
Score Distribution
Percent of People with Each Score
Percentile by Number Answered
Your Score History
You have not taken this quiz